Obiective şi exerciṭii pentru activititatea de predare- invăṭare

Titel: Obiective şi exerciṭii pentru activititatea de predare- invăṭare : Material suplimentar pentru cadrele didactice: "Copilăria in trecut" - "Childhood in the past" de Milan Ristovic şi Dubravka Stojanovic / alcătuit de Daniela Grabe. Traducerea: Romaniṭa Constantinescu, Carmen Cobliş, Maria Irod, Suzana Stănescu
Verfasser:
Beteiligt: ; ; ;
Körperschaft:
Veröffentlicht: Graz, Sofia : KulturKontakt Österreich, 2001
Umfang: 35 Seiten
Format: Buch
Sprache: Romani
Schlagworte:
Kein Bild verfügbar
X
alg: 42357497
001A    $03004:05-12-17 
001B    $01999:05-12-17 $t23:28:32.000 
001C    $03004:05-12-17 $t11:41:10.000 
001D    $03004:05-12-17 
001U    $0utf8 
001X    $00 
002@    $0Aau 
002C    $aText $btxt $2rdacontent 
002D    $aohne Hilfsmittel zu benutzen $bn $2rdamedia 
002E    $aBand $bnc $2rdacarrier 
003@    $0423574973 
003O    $01013926041 $aOCoLC 
007A    $0423574973 $aHEB 
010@    $arom 
010E    $erda 
011@    $a2001 
021A    $aObiective şi exerciṭii pentru activititatea de predare- invăṭare $dMaterial suplimentar pentru cadrele didactice: "Copilăria in trecut" - "Childhood in the past" de Milan Ristovic şi Dubravka Stojanovic $halcătuit de Daniela Grabe. Traducerea: Romaniṭa Constantinescu, Carmen Cobliş, Maria Irod, Suzana Stănescu 
028A    $BZusammenstellender $4com $7 $8Grabe, Daniela [Tnd] $9159784077 
028C    $BÜbersetzer $#Constantinescu, Romanita $4trl $7120416565 $8Constantinescu, Romanița$Z1970- [Tp3] $9152019731 
028C    $BÜbersetzer $4trl $7 $8Cobliş, Carmen [Tn3] $9423574531 
028C    $BÜbersetzer $4trl $71071243039 $8Irod, Maria$Z1977- [Tp3] $935918829X 
028C    $BÜbersetzer $4trl $7 $8Stănescu, Suzana [Tn3] $9423574655 
029F    $BHerausgebendes Organ $#KulturKontakt Austria $#Kulturkontakt Wien $4isb $77696659-8 $8Kulturkontakt Austria [Tb1] $9222119187 
033A    $pGraz, Sofia $nKulturKontakt Österreich 
034D    $a35 Seiten 
044K    $RLebensalter $#Children $#Enfants $#Bambini $#children $#Child $#Kinder $#Kind $#Kindheit $#Kindheit $#Kindesalter $#Kindschaft $#Kinder $74030550-8 $8Kind [Tsz] $908508090X 
044K    $RErinnerung $RJugenderinnerung $#Reminiscing $#Souvenir $74163872-4 $8Kindheitserinnerung [Ts1] $9085728586 
044K    $RArbeit $#Child labor $#Enfants Travail $#Niños Trabajo $#child labour $#Kinderarbeit $#Kinderarbeit $#Kind Arbeit $74128152-4 $8Kinderarbeit [Ts1] $9085443646 
045R    $aGeschichte 1801-2000 

lok: 42357497 24

exp: 42357497 24 1 #EPN
201B/01 $012-12-17 $t12:01:36.000 
201C/01 $005-12-17 
201U/01 $0utf8 
203@/01 $01012420957 
208@/01 $a12-12-17 $bz 
209A/01 $aS 32404 $du $f050 $hS 32404 $x00 
209C/01 $a17.07474 T $h17 07474 T 
209G/01 $a73971306 $x00 
220C/01 $ahae 
247C/01 $8358050-7 Marburg, Bibliothek des Herder-Instituts Marburg $9102600961
LEADER 00000cam a2200000 c 4500
001 423574973
003 DE-603
005 20171205232832.0
007 tu
008 171205s2001 xx |||| | u00||u|rom c
035 |a (DE-599)HEB423574973 
035 |a (OCoLC)1013926041 
040 |a DE-603  |b ger  |c DE-603  |d DE-603  |e rda 
041 |a rom 
100 1 |a Grabe, Daniela  |e Zusammenstellender  |4 com  |0 (DE-603)159784077 
245 0 0 |a Obiective şi exerciṭii pentru activititatea de predare- invăṭare  |b Material suplimentar pentru cadrele didactice: "Copilăria in trecut" - "Childhood in the past" de Milan Ristovic şi Dubravka Stojanovic  |c alcătuit de Daniela Grabe. Traducerea: Romaniṭa Constantinescu, Carmen Cobliş, Maria Irod, Suzana Stănescu 
264 1 |a Graz, Sofia  |b KulturKontakt Österreich  |c 2001 
300 |a 35 Seiten 
336 |a Text  |b txt  |2 rdacontent 
337 |a ohne Hilfsmittel zu benutzen  |b n  |2 rdamedia 
338 |a Band  |b nc  |2 rdacarrier 
648 7 |a Geschichte 1801-2000  |2 gnd 
650 7 |a Kind  |0 (DE-588)4030550-8  |0 (DE-603)08508090X  |2 gnd 
650 7 |a Kindheitserinnerung  |0 (DE-588)4163872-4  |0 (DE-603)085728586  |2 gnd 
650 7 |a Kinderarbeit  |0 (DE-588)4128152-4  |0 (DE-603)085443646  |2 gnd 
700 1 |a Constantinescu, Romanița  |d 1970-  |e Übersetzer  |4 trl  |0 (DE-603)152019731  |0 (DE-588)120416565  |2 gnd 
700 1 |a Cobliş, Carmen  |e Übersetzer  |4 trl  |0 (DE-603)423574531 
700 1 |a Irod, Maria  |d 1977-  |e Übersetzer  |4 trl  |0 (DE-603)35918829X  |0 (DE-588)1071243039  |2 gnd 
700 1 |a Stănescu, Suzana  |e Übersetzer  |4 trl  |0 (DE-603)423574655 
710 2 |a Kulturkontakt Austria  |e Herausgebendes Organ  |4 isb  |0 (DE-603)222119187  |0 (DE-588)7696659-8  |2 gnd 
924 0 |9 Mb 50  |a (DE-603)1012420957  |b DE-Mb50  |c HES  |d c  |g S 32404